Statistics for Pokemon-Generation 1-4

Click here to take the quiz!

General Stats

  • This quiz has been taken 3,882 times
    (3,490 since last reset)
  • The average score is 254 of 493

Answer Stats

Pokemon % Correct
Bulbasaur
91%
Charmander
90%
Charizard
90%
Pikachu
89%
Ivysaur
88%
Squirtle
88%
Charmeleon
87%
Blastoise
87%
Venusaur
84%
Raichu
84%
Wartortle
84%
Mew
83%
Mewtwo
82%
Butterfree
82%
Beedrill
81%
Caterpie
81%
Metapod
81%
Pidgeot
81%
Pidgey
81%
Weedle
80%
Pidgeotto
79%
Eevee
78%
Zapdos
78%
Moltres
78%
Articuno
78%
Kakuna
78%
Geodude
77%
Flareon
76%
Jolteon
75%
Vaporeon
75%
Rattata
75%
Magikarp
75%
Gastly
75%
Golem
74%
Dragonite
74%
Gengar
74%
Pichu
74%
Graveler
74%
Haunter
74%
Abra
74%
Alakazam
73%
Dratini
73%
Raticate
73%
Ekans
73%
Kadabra
72%
Arbok
72%
Machop
72%
Onix
72%
Dragonair
72%
Jigglypuff
72%
Fearow
71%
Spearow
71%
Gyarados
71%
Machamp
71%
Machoke
71%
Chikorita
70%
Mudkip
70%
Torchic
70%
Totodile
70%
Electabuzz
70%
Magmar
70%
Zubat
70%
Clefairy
69%
Umbreon
69%
Wigglytuff
69%
Snorlax
69%
Ho-Oh
69%
Cyndaquil
69%
Blaziken
68%
Golbat
68%
Nidoran (Male)
68%
Nidoran (Female)
68%
Lugia
68%
Espeon
68%
Magnemite
67%
Nidoqueen
67%
Treecko
67%
Arcanine
67%
Nidoking
67%
Oddish
67%
Bayleef
67%
Clefable
67%
Entei
67%
Growlithe
66%
Magneton
66%
Gloom
66%
Nidorina
66%
Meowth
66%
Quilava
65%
Piplup
65%
Hitmonlee
65%
Vileplume
65%
Scyther
65%
Typhlosion
65%
Vulpix
65%
Suicune
65%
Chansey
65%
Nidorino
65%
Meganium
65%
Hitmonchan
64%
Ninetales
64%
Koffing
64%
Jynx
64%
Voltorb
64%
Bellsprout
64%
Ponyta
64%
Rapidash
64%
Combusken
64%
Goldeen
64%
Steelix
64%
Elekid
64%
Chimchar
64%
Raikou
64%
Diglett
64%
Mr.Mime
63%
Feraligatr
63%
Sceptile
63%
Muk
63%
Swampert
63%
Kyogre
63%
Electrode
63%
Croconaw
63%
Grovyle
63%
Sandshrew
63%
Dugtrio
63%
Persian
63%
Celebi
63%
Leafeon
63%
Groudon
63%
Rhydon
63%
Weezing
63%
Turtwig
63%
Rhyhorn
62%
Starmie
62%
Horsea
62%
Grimer
62%
Staryu
62%
Crobat
62%
Kabuto
62%
Seaking
62%
Lapras
62%
Sandslash
62%
Rayquaza
62%
Infernape
62%
Kabutops
61%
Weepinbell
61%
Magby
61%
Palkia
61%
Glaceon
61%
Poliwhirl
60%
Poliwag
60%
Marshtomp
60%
Tauros
60%
Seadra
60%
Torterra
60%
Aerodactyl
60%
Togepi
59%
Igglybuff
59%
Empoleon
59%
Omastar
59%
Poliwrath
59%
Victreebel
59%
Tentacool
59%
Seel
59%
Psyduck
59%
Dialga
59%
Porygon
59%
Omanyte
59%
Ditto
59%
Mankey
58%
Cleffa
58%
Dewgong
58%
Tentacruel
58%
Primeape
57%
Golduck
57%
Slowpoke
57%
Slowbro
56%
Venonat
56%
Drowzee
56%
Latios
56%
Latias
56%
Kingdra
56%
Kangaskhan
56%
Hitmontop
56%
Venomoth
56%
Hypno
56%
Deoxys
55%
Tangela
55%
Prinplup
55%
Doduo
55%
Blissey
55%
Scizor
55%
Tyranitar
55%
Togetic
55%
Wurmple
55%
Pinsir
55%
Cloyster
55%
Regirock
54%
Magmortar
54%
Cubone
54%
Grotle
54%
Monferno
54%
Hoothoot
54%
Dodrio
54%
Krabby
54%
Shellder
54%
Zigzagoon
54%
Regice
54%
Registeel
54%
Giratina
53%
Arceus
53%
Beautifly
53%
Jirachi
53%
Cascoon
53%
Larvitar
53%
Pupitar
53%
Marowak
53%
Kingler
53%
Furret
53%
Sentret
53%
Paras
53%
Noctowl
53%
Slowking
52%
Farfetch'd
52%
Poochyena
52%
Parasect
52%
Porygon2
52%
Dustox
52%
Lickitung
51%
Starly
51%
Silcoon
51%
Linoone
51%
Mightyena
51%
Darkrai
51%
Houndoom
51%
Munchlax
50%
Mareep
50%
Exeggcute
50%
Houndour
50%
Roselia
49%
Magnezone
49%
Gardevoir
49%
Staraptor
49%
Ralts
49%
Tyrogue
49%
Sudowoodo
49%
Staravia
49%
Bellossom
49%
Swellow
49%
Ampharos
49%
Exeggutor
49%
Taillow
49%
Electivire
49%
Ariados
48%
Feebas
48%
Milotic
48%
Heracross
48%
Bidoof
48%
Porygon-Z
48%
Miltank
48%
Uxie
48%
Togekiss
48%
Politoed
48%
Kirlia
47%
Smoochum
47%
Sneasel
47%
Spinarak
47%
Salamence
47%
Ledyba
47%
Skarmory
47%
Marill
47%
Ledian
46%
Azumarill
46%
Mesprit
46%
Unown
46%
Bagon
46%
Flygon
46%
Regigigas
46%
Azelf
46%
Murkrow
46%
Plusle
45%
Flaaffy
45%
Metagross
45%
Aron
45%
Lotad
45%
Roserade
45%
Trapinch
45%
Mime Jr.
45%
Aipom
45%
Lucario
45%
Misdreavus
45%
Wingull
45%
Shaymin
45%
Swinub
45%
Rhyperior
44%
Metang
44%
Wailord
44%
Yanma
44%
Mantine
44%
Minun
44%
Lanturn
44%
Xatu
44%
Dusclops
44%
Slugma
44%
Wailmer
44%
Piloswine
44%
Seviper
43%
Shinx
43%
Luxray
43%
Budew
43%
Happiny
43%
Garchomp
43%
Bibarel
43%
Chinchou
43%
Shelgon
43%
Beldum
43%
Natu
43%
Snorunt
43%
Duskull
43%
Lombre
43%
Aggron
43%
Seedot
43%
Ludicolo
43%
Pelipper
43%
Azurill
42%
Wobbuffet
42%
Gible
42%
Luxio
42%
Gligar
42%
Electrike
42%
Wooper
42%
Quagsire
42%
Remoraid
42%
Vibrava
42%
Hoppip
41%
Manaphy
41%
Glalie
41%
Swablu
41%
Slaking
41%
Altaria
41%
Ursaring
41%
Absol
41%
Nuzleaf
41%
Camerupt
41%
Numel
41%
Magcargo
41%
Octillery
41%
Weavile
41%
Tangrowth
41%
Lunatone
41%
Mamoswine
41%
Skitty
41%
Riolu
41%
Gabite
41%
Lairon
41%
Teddiursa
41%
Nosepass
41%
Shiftry
40%
Delcatty
40%
Skiploom
40%
Girafarig
40%
Donphan
40%
Gallade
40%
Phanpy
40%
Sunflora
40%
Cresselia
40%
Mismagius
40%
Corsola
40%
Jumpluff
40%
Spheal
40%
Solrock
40%
Zangoose
40%
Manectric
39%
Sharpedo
39%
Exploud
39%
Yanmega
39%
Slakoth
39%
Shuppet
39%
Phione
39%
Torkoal
39%
Lileep
39%
Sunkern
39%
Pineco
39%
Dusknoir
39%
Heatran
39%
Stantler
39%
Banette
38%
Tropius
38%
Wynaut
38%
Cacnea
38%
Gliscor
38%
Honchkrow
38%
Cacturne
38%
Medicham
38%
Walrein
38%
Loudred
38%
Sableye
38%
Vigoroth
38%
Breloom
38%
Forretress
38%
Whismur
38%
Shroomish
38%
Bonsly
38%
Lickilicky
37%
Floatzel
37%
Meditite
37%
Buizel
37%
Ambipom
37%
Hariyama
37%
Sealeo
37%
Spinda
37%
Ninjask
37%
Nincada
37%
Chimecho
37%
Granbull
37%
Abomasnow
36%
Snubbull
36%
Volbeat
36%
Froslass
36%
Corphish
36%
Shieldon
36%
Makuhita
36%
Clamperl
36%
Huntail
36%
Relicanth
36%
Delibird
36%
Combee
36%
Smeargle
36%
Kecleon
35%
Dunsparce
35%
Shedinja
35%
Anorith
35%
Mawile
35%
Illumise
35%
Bastiodon
35%
Shuckle
35%
Mantyke
35%
Luvdisc
35%
Gorebyss
35%
Snover
34%
Cradily
34%
Crawdaunt
34%
Castform
34%
Qwilfish
34%
Gulpin
34%
Armaldo
34%
Cranidos
34%
Rotom
34%
Carvanha
33%
Swalot
33%
Probopass
33%
Glameow
33%
Buneary
33%
Vespiquen
33%
Burmy
33%
Rampardos
33%
Baltoy
33%
Purugly
33%
Chingling
32%
Croagunk
32%
Pachirisu
32%
Spoink
32%
Mothim
31%
Lopunny
31%
Gastrodon
31%
Wormadam
31%
Shellos
31%
Kricketot
31%
Toxicroak
31%
Kricketune
31%
Bronzor
31%
Claydol
31%
Whiscash
31%
Spiritomb
31%
Grumpig
31%
Surskit
31%
Finneon
30%
Cherubi
30%
Drifloon
30%
Bronzong
30%
Barboach
30%
Carnivine
30%
Masquerain
29%
Drifblim
29%
Stunky
29%
Lumineon
29%
Chatot
29%
Cherrim
29%
Skuntank
28%
Skorupi
26%
Drapion
26%
Hippowdon
24%
Hippopotas
24%

Score Distribution

Percentile by Number Answered

Percent of People with Each Score

Your Score History

You have not taken this quiz since the last reset